[Event "4NCL Division 2a"]
[Site "Telford, ENG"]
[Date "2018.03.17"]
[Round "7.11"]
[White "Klingher, Dominic"]
[Black "Antoniewski, Rafal"]
[Result "0-1"]
[WhiteElo "2222"]
[BlackElo "2529"]
[PlyCount "70"]
[EventDate "2018.03.17"]
[WhiteTeam "Barbican Youth"]
[BlackTeam "Manx Liberty"]

1. e4 c5 2. Nf3 d6 3. d4 cxd4 4. Nxd4 Nf6 5. Nc3 Nc6 6. h3 e6 7. Be3 a6 8. g4
h6 9. Bg2 Nd7 10. O-O g5 11. Nxc6 bxc6 12. Qd4 Ne5 13. Rad1 Qc7 14. Bc1 Be7 15.
f4 gxf4 16. Bxf4 Qa7 17. Bxe5 dxe5 18. Qxa7 Rxa7 19. Rf3 h5 20. gxh5 Rxh5 21.
Na4 Rb7 22. a3 a5 23. Rc3 Rc7 24. Nb6 Ba6 25. Kh2 Be2 26. Rd2 Bb5 27. Bf3 Bg5
28. Rg2 Bf4+ 29. Kg1 Rxh3 30. Rg8+ Ke7 31. Nc8+ Kf6 32. Nd6 Rd7 33. Ne8+ Ke7
34. Ng7 Rg3+ 35. Kh1 Rd2 0-1

[Event "4NCL Division 2a"]
[Site "Telford, ENG"]
[Date "2018.03.17"]
[Round "7.12"]
[White "Gonda, Laszlo"]
[Black "Russell, Christopher"]
[Result "1-0"]
[WhiteElo "2515"]
[BlackElo "2137"]
[PlyCount "49"]
[EventDate "2018.03.17"]
[WhiteTeam "Manx Liberty"]
[BlackTeam "Barbican Youth"]

1. d4 e6 2. c4 f5 3. Nf3 Nf6 4. g3 Be7 5. Bg2 O-O 6. O-O d6 7. b3 Qe8 8. Nc3
Qg6 9. Ba3 Nbd7 10. Qc2 Ne4 11. Nxe4 fxe4 12. Ne5 Nxe5 13. dxe5 e3 14. Qxg6
exf2+ 15. Rxf2 hxg6 16. Rxf8+ Kxf8 17. Rf1+ Ke8 18. Be4 g5 19. Bg6+ Kd7 20. Rf7
b6 21. Bc1 Ke8 22. Rxg7+ Kf8 23. Rf7+ Ke8 24. exd6 cxd6 25. Bxg5 1-0

[Event "4NCL Division 2a"]
[Site "Telford, ENG"]
[Date "2018.03.17"]
[Round "7.13"]
[White "Brett, Andrew R"]
[Black "Jaracz, Pawel"]
[Result "0-1"]
[WhiteElo "2107"]
[BlackElo "2460"]
[PlyCount "76"]
[EventDate "2018.03.17"]
[WhiteTeam "Barbican Youth"]
[BlackTeam "Manx Liberty"]

1. c4 c6 2. g3 d5 3. Bg2 Nf6 4. Nf3 e6 5. d4 Bb4+ 6. Nbd2 dxc4 7. O-O b5 8. Qc2
Bb7 9. e4 Nbd7 10. e5 Nd5 11. Ne4 h6 12. a4 Be7 13. Bd2 a6 14. Rfd1 c5 15. Nd6+
Bxd6 16. exd6 Qb6 17. axb5 axb5 18. Rxa8+ Bxa8 19. dxc5 Nxc5 20. Nd4 O-O 21.
Bc3 Nxc3 22. bxc3 Bxg2 23. Kxg2 Qxd6 24. f3 Qa6 25. Rb1 Rb8 26. Rb4 Nd3 27. Rb1
e5 28. Nf5 Qe6 29. Ne3 f5 30. Qe2 Nf4+ 31. gxf4 exf4 32. Re1 Re8 33. Qb2 fxe3
34. Qxb5 Rd8 35. Kh1 f4 36. Qb2 Qh3 37. Qe2 Rd2 38. Qxc4+ Kh8 0-1

[Event "4NCL Division 2a"]
[Site "Telford, ENG"]
[Date "2018.03.17"]
[Round "7.14"]
[White "Galyas, Miklos"]
[Black "Bhatia, Kanwal K"]
[Result "1-0"]
[WhiteElo "2509"]
[BlackElo "2028"]
[PlyCount "39"]
[EventDate "2018.03.17"]
[WhiteTeam "Manx Liberty"]
[BlackTeam "Barbican Youth"]

1. d4 Nf6 2. Nf3 c5 3. d5 b5 4. Bg5 Qb6 5. Bxf6 Qxf6 6. c3 Qb6 7. e4 d6 8. a4
b4 9. Nbd2 g6 10. Bb5+ Bd7 11. Nc4 Qd8 12. cxb4 cxb4 13. Qd4 Rg8 14. O-O Bg7
15. Qe3 f6 16. Nd4 Kf7 17. Ne6 Bxe6 18. dxe6+ Kf8 19. Rac1 g5 20. Qh3 1-0

[Event "4NCL Division 2a"]
[Site "Telford, ENG"]
[Date "2018.03.17"]
[Round "7.15"]
[White "Coleman, David J"]
[Black "Kolbus, Dietmar"]
[Result "0-1"]
[WhiteElo "2107"]
[BlackElo "2290"]
[PlyCount "150"]
[EventDate "2018.03.17"]
[WhiteTeam "Barbican Youth"]
[BlackTeam "Manx Liberty"]

1. e4 c6 2. d4 d5 3. exd5 cxd5 4. c4 Nf6 5. Nc3 e6 6. Nf3 Be7 7. cxd5 Nxd5 8.
Bd3 Nc6 9. O-O O-O 10. Re1 Ncb4 11. Bb1 Nf6 12. Ne5 Bd7 13. Bg5 Bc6 14. Re3 g6
15. Rg3 Kg7 16. h4 Ng8 17. a3 Nd5 18. Ne4 Ndf6 19. Nxf6 Bxf6 20. Qd3 Bxg5 21.
Rxg5 Be8 22. Rg4 Nf6 23. Rg3 Nd5 24. Qd2 Qxh4 25. Ng4 Nf6 26. Qe2 Nxg4 27. Rxg4
Qf6 28. Be4 Qe7 29. Rg3 Rd8 30. Rh3 f5 31. Bf3 Rxd4 32. Bxb7 Rd8 33. Ba6 e5 34.
Re1 e4 35. Qe3 Rd6 36. Bc4 Kh8 37. Qc5 Rd7 38. Qa5 Rc7 39. b3 Bf7 40. Bf1 Qc5
41. Qd2 Kg8 42. b4 Qb6 43. Rd1 Qf6 44. Qf4 Rfc8 45. Qh6 Be6 46. Rd6 Rd8 47. Qf4
Rxd6 48. Qxd6 Qe7 49. Qe5 Bf7 50. Qf4 Bd5 51. Qd2 Qe5 52. a4 f4 53. b5 Kg7 54.
a5 Re7 55. Qc3 Qxc3 56. Rxc3 Kf6 57. Rc5 Ke6 58. a6 Kd6 59. Rc1 Rc7 60. Rd1 Kc5
61. Kh2 g5 62. g3 Rg7 63. Rc1+ Kd4 64. Rd1+ Ke5 65. Rc1 f3 66. g4 Kf4 67. Rc5
Rd7 68. Rc1 Be6 69. Bh3 Rd2 70. Bf1 Rxf2+ 71. Kg1 e3 72. Rc3 Rb2 73. Bc4 Bxg4
74. Rb3 Rxb3 75. Bxb3 Kg3 0-1

[Event "4NCL Division 2a"]
[Site "Telford, ENG"]
[Date "2018.03.17"]
[Round "7.16"]
[White "Dahl, Baard"]
[Black "Hughes, Roy"]
[Result "1/2-1/2"]
[WhiteElo "2160"]
[BlackElo "2020"]
[PlyCount "122"]
[EventDate "2018.03.17"]
[WhiteTeam "Manx Liberty"]
[BlackTeam "Barbican Youth"]

1. e4 d5 2. exd5 Qxd5 3. Nc3 Qd6 4. d4 Nf6 5. Nf3 c6 6. Be2 Bf5 7. Nh4 Bg6 8.
O-O e6 9. g3 Qc7 10. Re1 Bd6 11. Bf3 O-O 12. Nxg6 hxg6 13. Kg2 Nbd7 14. h4 Rfd8
15. Bg5 Qa5 16. a3 Nf8 17. Qe2 Be7 18. Rad1 Rd7 19. Na2 N8h7 20. Bc1 Qd8 21. c3
a5 22. Bd2 Nd5 23. Nc1 Bd6 24. Nd3 Ne7 25. Ne5 Bxe5 26. Qxe5 Qc7 27. Qxc7 Rxc7
28. Re5 Nf6 29. g4 a4 30. Bf4 Rd7 31. Rde1 Ned5 32. Bg3 Nc7 33. g5 Nfd5 34. h5
Ne7 35. Rh1 Ncd5 36. Be4 gxh5 37. Rxh5 g6 38. Rh1 Nf5 39. Bxf5 gxf5 40. g6 Re8
41. gxf7+ Rxf7 42. Kf3 Rh7 43. Rxh7 Kxh7 44. c4 Nb6 45. Ra5 Nxc4 46. Rxa4 b5
47. Ra7+ Kg6 48. Rc7 Nxb2 49. Rxc6 Kf7 50. Rc2 Na4 51. Bd6 Nb6 52. Rc7+ Kg6 53.
Rb7 Nc4 54. Bc5 Ra8 55. Rxb5 Nxa3 56. Rb6 Kf7 57. Kf4 Nc4 58. Rb7+ Kf6 59. Be7+
Kg6 60. Rb4 Rc8 61. Bc5 e5+ 1/2-1/2

[Event "4NCL Division 2a"]
[Site "Telford, ENG"]
[Date "2018.03.17"]
[Round "7.17"]
[White "French, Max"]
[Black "Akeya-Price, Robert"]
[Result "1/2-1/2"]
[WhiteElo "2057"]
[BlackElo "1885"]
[PlyCount "62"]
[EventDate "2018.03.17"]
[WhiteTeam "Barbican Youth"]
[BlackTeam "Manx Liberty"]

1. d4 Nf6 2. c4 e6 3. Nf3 b6 4. a3 Bb7 5. Nc3 Ne4 6. Nxe4 Bxe4 7. Nd2 Bb7 8. e4
Qf6 9. d5 Bc5 10. Nf3 exd5 11. cxd5 O-O 12. Be2 a5 13. O-O h6 14. Rb1 Na6 15.
Bd2 c6 16. Bc3 Qe7 17. Re1 Rfe8 18. Qd2 cxd5 19. exd5 Qf8 20. Ne5 Rad8 21. Nc4
Nc7 22. b4 axb4 23. axb4 Bd6 24. Ne3 Bf4 25. Bc4 Qd6 26. Nf5 Bxd2 27. Nxd6 Bxe1
28. Nxb7 Rb8 29. Bxe1 Rxb7 30. f3 Rf8 31. Bg3 g6 1/2-1/2

[Event "4NCL Division 2a"]
[Site "Telford, ENG"]
[Date "2018.03.17"]
[Round "7.18"]
[White "Costello, John"]
[Black "Regan, Natasha K"]
[Result "1-0"]
[WhiteElo "1716"]
[BlackElo "1966"]
[PlyCount "93"]
[EventDate "2018.03.17"]
[WhiteTeam "Manx Liberty"]
[BlackTeam "Barbican Youth"]

1. d4 Nf6 2. c4 g6 3. Nc3 Bg7 4. e4 d6 5. Be2 Nbd7 6. Bg5 h6 7. Be3 a6 8. Qd2
c6 9. f3 b5 10. b3 Qa5 11. Rc1 bxc4 12. Bxc4 Nb6 13. Nge2 Nxc4 14. bxc4 Be6 15.
d5 cxd5 16. cxd5 Bd7 17. O-O Kf8 18. Rb1 Qd8 19. Bb6 Qe8 20. Rfc1 Kg8 21. Qd3
Kh7 22. Be3 Rf8 23. Rb7 Bc8 24. Rc7 Nd7 25. Na4 f5 26. Nd4 Ne5 27. Qc2 Rb8 28.
h3 Bd7 29. Nc3 Qd8 30. Nce2 Rb4 31. Nf4 Rxd4 32. Bxd4 Nxf3+ 33. gxf3 Bxd4+ 34.
Kg2 Be3 35. Rb1 Bxf4 36. Rbb7 Bg5 37. Rxd7 Qe8 38. Rxd6 fxe4 39. Qxe4 Rf4 40.
Qe6 Rd4 41. Rdd7 Rd2+ 42. Kg3 Kh8 43. h4 Bf6 44. Rdc7 Bxh4+ 45. Kxh4 Qa4+ 46.
Kg3 h5 47. Rc8+ 1-0

[Event "4NCL Division 2a"]
[Site "Telford, ENG"]
[Date "2018.03.17"]
[Round "7.21"]
[White "Taylor, Adam C"]
[Black "Tukpetov, Evgeny"]
[Result "1-0"]
[WhiteElo "2267"]
[BlackElo "2286"]
[PlyCount "115"]
[EventDate "2018.03.17"]
[WhiteTeam "Wood Green Monarchs"]
[BlackTeam "Kings Head"]

1. c4 e5 2. g3 Bc5 3. Bg2 d6 4. Nc3 a6 5. Nf3 Nc6 6. O-O Nge7 7. e3 Bg4 8. h3
Bh5 9. g4 Bg6 10. d4 Ba7 11. d5 Nb8 12. e4 Nd7 13. b4 a5 14. bxa5 h5 15. g5 h4
16. Rb1 Nc5 17. Ne1 f5 18. gxf6 gxf6 19. Nd3 Qc8 20. Be3 Bh5 21. Qd2 Ng6 22.
Kh2 Nxd3 23. Qxd3 Ke7 24. c5 Bxc5 25. Bxc5 Nf4 26. Qe3 Rg8 27. Rg1 dxc5 28.
Qxc5+ Kf7 29. Bf1 Rxg1 30. Kxg1 Nxh3+ 31. Bxh3 Qxh3 32. Qxc7+ Kg6 33. Rxb7 Kg5
34. Qd7 Qxd7 35. Rxd7 Rc8 36. Nb5 Rc1+ 37. Kh2 Bf3 38. Rg7+ Kf4 39. Rg1 Rc2 40.
a6 Bxe4 41. Kh3 Bf5+ 42. Kh2 h3 43. Rf1 Bd3 44. a7 Rxa2 45. Nc7 Rxa7 46. d6 Bf5
47. Nd5+ Kf3 48. Nxf6 Rf7 49. Nh5 Bd3 50. Re1 e4 51. Rc1 Kg4 52. d7 Rxf2+ 53.
Kh1 e3 54. Nf6+ Rxf6 55. Rg1+ Kh5 56. d8=Q Be4+ 57. Kh2 Rf2+ 58. Kxh3 1-0

[Event "4NCL Division 2a"]
[Site "Telford, ENG"]
[Date "2018.03.17"]
[Round "7.23"]
[White "Pein, Malcolm"]
[Black "Guthrie, David"]
[Result "1/2-1/2"]
[WhiteElo "2342"]
[BlackElo "2137"]
[PlyCount "83"]
[EventDate "2018.03.17"]
[WhiteTeam "Wood Green Monarchs"]
[BlackTeam "Kings Head"]

1. Nf3 d5 2. c4 e6 3. g3 Nf6 4. Bg2 Be7 5. O-O O-O 6. d4 dxc4 7. Na3 Bxa3 8.
bxa3 Nc6 9. Rb1 Nd5 10. Qc2 Nb6 11. Rd1 h6 12. Bb2 Bd7 13. e4 Ne7 14. Rd2 f6
15. Bc3 Ba4 16. Qc1 Bc6 17. Qe1 Re8 18. Re2 f5 19. Bh3 Bxe4 20. Rxe4 fxe4 21.
Bxe6+ Kh8 22. Ne5 Rf8 23. Qxe4 Qd6 24. Nf7+ Rxf7 25. Bxf7 Ned5 26. Bb4 Nxb4 27.
Rxb4 Rf8 28. Bxc4 Nxc4 29. Rxc4 c6 30. a4 a6 31. Qe5 Qd7 32. Qe2 Qf7 33. Rc5
Rd8 34. Re5 Rxd4 35. Re8+ Kh7 36. Qc2+ g6 37. Qe2 Rd1+ 38. Kg2 Qd5+ 39. Kh3
Qd7+ 40. Kg2 Qd5+ 41. Kh3 Qd7+ 42. Kg2 1/2-1/2

[Event "4NCL Division 2a"]
[Site "Telford, ENG"]
[Date "2018.03.17"]
[Round "7.24"]
[White "Mackenzie, Colin"]
[Black "Pein, Jonathan"]
[Result "1/2-1/2"]
[WhiteElo "2054"]
[BlackElo "2184"]
[PlyCount "86"]
[EventDate "2018.03.17"]
[WhiteTeam "Kings Head"]
[BlackTeam "Wood Green Monarchs"]

1. c4 e5 2. g3 Nf6 3. Bg2 d5 4. cxd5 Nxd5 5. Nc3 Nb6 6. Nf3 Nc6 7. O-O Be7 8.
d3 O-O 9. Be3 Be6 10. Ne4 Bd5 11. Nc3 Be6 12. Ne4 Nd5 13. Bc5 f6 14. Nfd2 b6
15. Bxe7 Ncxe7 16. Nc3 c5 17. a3 Rc8 18. Nxd5 Bxd5 19. Bxd5+ Qxd5 20. Qa4 Nc6
21. Nf3 Rc7 22. Rac1 Rfc8 23. Rc2 a5 24. Rfc1 g5 25. Qc4 Qxc4 26. Rxc4 Kf7 27.
h4 h6 28. hxg5 hxg5 29. e3 Rd7 30. Ne1 Rcd8 31. g4 Ke6 32. Kf1 Rd5 33. Ke2 Nb8
34. R1c3 Na6 35. Rb3 R5d6 36. Nf3 Kd5 37. Nd2 Kc6 38. Ne4 Re6 39. Nc3 Nc7 40.
Ne4 Ne8 41. Rbc3 Nd6 42. Nxd6 Rexd6 43. b4 axb4 1/2-1/2

[Event "4NCL Division 2a"]
[Site "Telford, ENG"]
[Date "2018.03.17"]
[Round "7.25"]
[White "Sygnowski, Tomasz"]
[Black "Davey, Mark"]
[Result "1/2-1/2"]
[WhiteElo "2138"]
[BlackElo "1983"]
[PlyCount "117"]
[EventDate "2018.03.17"]
[WhiteTeam "Wood Green Monarchs"]
[BlackTeam "Kings Head"]

1. e4 c5 2. Nf3 Nc6 3. d4 cxd4 4. Nxd4 Nf6 5. Nc3 e5 6. Nxc6 bxc6 7. Bc4 Be7 8.
Bg5 Qc7 9. Qd2 Bb7 10. O-O-O Rd8 11. h4 h6 12. Bxf6 Bxf6 13. Qe3 Qa5 14. Qf3
Qc5 15. Bb3 Qe7 16. Ne2 O-O 17. Ng3 g6 18. h5 Kg7 19. Kb1 Bg5 20. Qd3 d6 21.
Ne2 d5 22. g3 Rd6 23. f4 Bf6 24. hxg6 fxg6 25. f5 gxf5 26. exf5 e4 27. Qe3 Bg5
28. Qxa7 Rxf5 29. g4 Rf7 30. Ng3 Bc8 31. Qd4+ Kg6 32. Nxe4 Rf4 33. c4 Bxg4 34.
Bc2 Bxd1 35. Rxd1 dxe4 36. Qxd6+ Qxd6 37. Rxd6+ Kf7 38. Rd4 Bf6 39. Rd1 e3 40.
Re1 e2 41. Kc1 Bg5 42. Kd2 Re4+ 43. Kc3 Bh4 44. Bxe4 Bxe1+ 45. Kd3 Bc3 46. Kxe2
Bxb2 47. Bxc6 Ba3 48. Ke3 Ke6 49. Kd4 Kd6 50. Bd5 Bb2+ 51. Ke4 Ba3 52. Kd4 Bb2+
53. Kd3 Kc5 54. Kc2 Be5 55. Kb3 h5 56. a4 Bc7 57. Kc3 h4 58. Kd3 h3 59. Ke4
1/2-1/2

[Event "4NCL Division 2a"]
[Site "Telford, ENG"]
[Date "2018.03.17"]
[Round "7.26"]
[White "Gilfillan, Andrew"]
[Black "Manelidou, Maria"]
[Result "1-0"]
[WhiteElo "1965"]
[BlackElo "2112"]
[PlyCount "45"]
[EventDate "2018.03.17"]
[WhiteTeam "Kings Head"]
[BlackTeam "Wood Green Monarchs"]

1. d4 d5 2. Nf3 Nf6 3. c4 c6 4. Nc3 e6 5. Bg5 Be7 6. e3 O-O 7. Qc2 Nbd7 8. h4
dxc4 9. Bxc4 Nd5 10. e4 Nxc3 11. bxc3 c5 12. Rd1 cxd4 13. Rxd4 h6 14. e5 Re8
15. Bxh6 gxh6 16. Rg4+ Kh8 17. Ng5 Bxg5 18. hxg5 Kg8 19. g6 f5 20. Qxf5 Nxe5
21. Qxe5 Qb6 22. O-O Bd7 23. Qf6 1-0

[Event "4NCL Division 2a"]
[Site "Telford, ENG"]
[Date "2018.03.17"]
[Round "7.27"]
[White "Guha, Chirag"]
[Black "Disu, Kayode"]
[Result "1-0"]
[WhiteElo "1982"]
[BlackElo "1931"]
[PlyCount "105"]
[EventDate "2018.03.17"]
[WhiteTeam "Wood Green Monarchs"]
[BlackTeam "Kings Head"]

1. d4 Nf6 2. c4 e6 3. g3 Nc6 4. Nf3 Bb4+ 5. Bd2 Qe7 6. Bg2 Bxd2+ 7. Nbxd2 O-O
8. O-O a5 9. e4 d6 10. Re1 e5 11. d5 Nb8 12. h3 Na6 13. a3 c6 14. dxc6 bxc6 15.
b4 axb4 16. axb4 Bd7 17. c5 dxc5 18. bxc5 Qxc5 19. Rc1 Qe7 20. Nc4 Rfd8 21. Qe2
Nb4 22. Ncxe5 Ra2 23. Qc4 Be8 24. Qb3 Qa7 25. Qe3 Qa6 26. Qc5 Nd3 27. Nxd3 Qxd3
28. e5 Nd5 29. e6 fxe6 30. Rxe6 Qa3 31. Qxa3 Rxa3 32. Ne5 Nc7 33. Re7 Rc8 34.
Bxc6 Bxc6 35. Rxc6 Ra7 36. Nc4 Ne8 37. Rxc8 Rxe7 38. Nd6 Kf8 39. Rxe8+ Rxe8 40.
Nxe8 Kxe8 41. f4 Kf7 42. Kf2 Kf6 43. Kf3 g5 44. Kg4 gxf4 45. gxf4 Kg6 46. f5+
Kf6 47. Kf4 h6 48. h4 Kf7 49. Ke5 Ke7 50. f6+ Kf8 51. Kf5 Kf7 52. h5 Kf8 53.
Kg6 1-0

[Event "4NCL Division 2a"]
[Site "Telford, ENG"]
[Date "2018.03.17"]
[Round "7.28"]
[White "Usharovsky, Ron"]
[Black "Woodhouse, Stephen V"]
[Result "1/2-1/2"]
[WhiteElo "1526"]
[BlackElo "1900"]
[PlyCount "83"]
[EventDate "2018.03.17"]
[WhiteTeam "Kings Head"]
[BlackTeam "Wood Green Monarchs"]

1. e4 e6 2. d4 d5 3. Nd2 c5 4. c3 cxd4 5. cxd4 dxe4 6. Nxe4 Be7 7. Nf3 Nf6 8.
Bd3 Nxe4 9. Bxe4 Nd7 10. Qb3 Qb6 11. Qxb6 Nxb6 12. O-O O-O 13. Bf4 Nd5 14. Bxd5
exd5 15. a3 Bf5 16. Rfe1 Rfe8 17. Re5 Be4 18. Re1 Bf6 19. Rxe8+ Rxe8 20. Be5
Bxf3 21. gxf3 Kf8 22. Kf1 Re6 23. Re3 Ke7 24. f4 Kd7 25. Rc3 Bxe5 26. fxe5 Rc6
27. f4 Rxc3 28. bxc3 g6 29. Ke2 Ke6 30. Kf3 b5 31. Kg4 h6 32. h3 a6 33. h4 a5
34. h5 a4 35. hxg6 fxg6 36. f5+ gxf5+ 37. Kf4 Ke7 38. Kxf5 Kf7 39. Kf4 Kf8 40.
Kf5 Kf7 41. Kg4 Kg8 42. Kf5 1/2-1/2

[Event "4NCL Division 2a"]
[Site "Telford, ENG"]
[Date "2018.03.17"]
[Round "7.31"]
[White "Shaw, Peter"]
[Black "Cornette, Deimante"]
[Result "1/2-1/2"]
[WhiteElo "2116"]
[BlackElo "2447"]
[PlyCount "189"]
[EventDate "2018.03.17"]
[WhiteTeam "White Rose 2"]
[BlackTeam "Celtic Tigers"]

1. d4 Nf6 2. c4 e6 3. Nf3 b6 4. a3 Bb7 5. Nc3 Be7 6. d5 d6 7. e4 O-O 8. Bd3
exd5 9. exd5 Nbd7 10. O-O Ne5 11. Nd4 Nxd3 12. Qxd3 Nd7 13. b4 Ne5 14. Qe2 c5
15. dxc6 Nxc6 16. Nxc6 Bxc6 17. Bb2 Bf6 18. Rad1 Re8 19. Qd2 Re6 20. Nd5 Bxb2
21. Qxb2 b5 22. cxb5 Bxb5 23. Rfe1 Bc6 24. Re3 Bxd5 25. Rxd5 Rxe3 26. fxe3 Qh4
27. Qd2 Rd8 28. h3 Qe7 29. Qd4 f6 30. Ra5 Rd7 31. Qd5+ Kf8 32. Kf2 g6 33. Ra6
Kg7 34. b5 Qe5 35. Qxe5 fxe5 36. e4 Kf6 37. Ke3 Kg5 38. a4 Kh4 39. Rc6 Kg3 40.
Rc2 h5 41. a5 Rb7 42. Rb2 g5 43. b6 axb6 44. axb6 h4 45. Kd3 Kf4 46. Rb3 Kg3
47. Kc4+ Kxg2 48. Kb5 g4 49. hxg4 h3 50. Kc6 Rf7 51. b7 h2 52. Rb1 Rf8 53. Kc7
d5 54. exd5 h1=Q 55. Rxh1 Kxh1 56. d6 e4 57. d7 e3 58. d8=Q Rxd8 59. Kxd8 e2
60. b8=Q e1=Q 61. Qf4 Qg3 62. Qf5 Qb8+ 63. Ke7 Qc7+ 64. Kf6 Qd8+ 65. Kg7 Qe7+
66. Kh6 Qd6+ 67. Kh5 Qh2+ 68. Kg6 Qd6+ 69. Qf6 Qd3+ 70. Kh5 Qh7+ 71. Kg5 Qg8+
72. Kf4 Qb8+ 73. Qe5 Qf8+ 74. Ke4 Kg2 75. g5 Qf3+ 76. Kd4 Qd1+ 77. Kc5 Qc1+ 78.
Kd6 Qa3+ 79. Ke6 Qa6+ 80. Kf5 Qc8+ 81. Qe6 Qc5+ 82. Kf6 Qd4+ 83. Kf7 Qf4+ 84.
Qf6 Qc4+ 85. Kg7 Qc7+ 86. Kh6 Qh2+ 87. Kg6 Qc7 88. Qd4 Kf3 89. Qd5+ Kg4 90.
Qf5+ Kh4 91. Qe4+ Kg3 92. Kh6 Qc1 93. Kg7 Qxg5+ 94. Qg6 Qxg6+ 95. Kxg6 1/2-1/2

[Event "4NCL Division 2a"]
[Site "Telford, ENG"]
[Date "2018.03.17"]
[Round "7.32"]
[White "Kulon, Klaudia"]
[Black "Gayson, Peter M"]
[Result "0-1"]
[WhiteElo "2326"]
[BlackElo "2128"]
[PlyCount "66"]
[EventDate "2018.03.17"]
[WhiteTeam "Celtic Tigers"]
[BlackTeam "White Rose 2"]

1. e4 c5 2. Nf3 e6 3. d4 cxd4 4. Nxd4 Nf6 5. Nc3 Nc6 6. Ndb5 Bb4 7. a3 Bxc3+ 8.
Nxc3 d5 9. exd5 exd5 10. Bd3 O-O 11. O-O d4 12. Ne2 Bg4 13. Bg5 Qd6 14. Qd2
Rfe8 15. Ng3 Rad8 16. h3 Bc8 17. Rfe1 Ne5 18. Bf5 Nc4 19. Qc1 Rxe1+ 20. Qxe1
Re8 21. Bxf6 Rxe1+ 22. Rxe1 Be6 23. Bg5 Nxb2 24. Rb1 Qxa3 25. Bc1 Qa2 26. Rxb2
Qa1 27. Ne2 Bxf5 28. Rxb7 h6 29. Kh2 Bxc2 30. Bb2 Qa6 31. Rb8+ Kh7 32. Ng3 d3
33. Bc3 d2 0-1

[Event "4NCL Division 2a"]
[Site "Telford, ENG"]
[Date "2018.03.17"]
[Round "7.33"]
[White "Burnett, Jim"]
[Black "Maciol, Ryszard"]
[Result "1/2-1/2"]
[WhiteElo "2103"]
[BlackElo "2155"]
[PlyCount "57"]
[EventDate "2018.03.17"]
[WhiteTeam "White Rose 2"]
[BlackTeam "Celtic Tigers"]

1. d4 Nf6 2. c4 e6 3. Nf3 b6 4. a3 Bb7 5. Nc3 Be7 6. d5 O-O 7. e4 d6 8. Be2
exd5 9. cxd5 c6 10. dxc6 Nxc6 11. O-O Ne5 12. Qc2 Qc7 13. Qb1 d5 14. exd5 Nxd5
15. Nxd5 Bxd5 16. Qf5 Nxf3+ 17. Bxf3 Bxf3 18. Qxf3 Bf6 19. a4 Rac8 20. Bf4 Qc4
21. b3 Qb4 22. Rad1 Rfd8 23. g3 h5 24. Rxd8+ Rxd8 25. Rd1 Rxd1+ 26. Qxd1 h4 27.
h3 Bd4 28. Kg2 hxg3 29. Bxg3 1/2-1/2

[Event "4NCL Division 2a"]
[Site "Telford, ENG"]
[Date "2018.03.17"]
[Round "7.34"]
[White "Quinn, John M"]
[Black "Li, Harry"]
[Result "0-1"]
[WhiteElo "2155"]
[BlackElo "2031"]
[PlyCount "132"]
[EventDate "2018.03.17"]
[WhiteTeam "Celtic Tigers"]
[BlackTeam "White Rose 2"]

1. d4 d5 2. c4 c6 3. Nf3 Nf6 4. e3 e6 5. b3 Nbd7 6. Bb2 Bd6 7. Bd3 O-O 8. O-O
b6 9. Nbd2 Bb7 10. e4 dxe4 11. Nxe4 Nxe4 12. Bxe4 Nf6 13. Bc2 c5 14. dxc5 Bxc5
15. Qe2 Be7 16. Rad1 Qc7 17. Ne5 Rad8 18. Kh1 Rxd1 19. Rxd1 Rd8 20. f3 h6 21.
Rxd8+ Qxd8 22. Qd3 Qxd3 23. Nxd3 g5 24. Kg1 Nd7 25. Kf2 f5 26. b4 Kf7 27. Ba4
Bc8 28. Bd4 Bf6 29. Bxf6 Kxf6 30. c5 bxc5 31. bxc5 e5 32. c6 Nb6 33. Bb3 h5 34.
Nc5 Ke7 35. Nb7 Nd7 36. Bd5 Nb8 37. Ke3 Na6 38. a3 Nc7 39. Bc4 Ne6 40. g3 Nd4
41. Bd5 Nc2+ 42. Kd3 Nxa3 43. Kc3 Nb5+ 44. Kb4 Nc7 45. Kc5 Na6+ 46. Kb5 Nc7+
47. Kc5 g4 48. fxg4 hxg4 49. Bc4 f4 50. gxf4 exf4 51. Kd4 Be6 52. Bxe6 Kxe6 53.
Ke4 f3 54. Nc5+ Kf6 55. Nd3 Kg5 56. Ke5 Kh4 57. Kd6 Na8 58. Nf2 g3 59. hxg3+
Kxg3 60. Ne4+ Kf4 61. Nf2 Ke3 62. Ng4+ Kd4 63. Nf2 a5 64. Kd7 a4 65. Kc8 a3 66.
Kb7 a2 0-1

[Event "4NCL Division 2a"]
[Site "Telford, ENG"]
[Date "2018.03.17"]
[Round "7.35"]
[White "Ho, Conrad"]
[Black "Pedersen, Carsten"]
[Result "1/2-1/2"]
[WhiteElo "2077"]
[BlackElo "2130"]
[PlyCount "53"]
[EventDate "2018.03.17"]
[WhiteTeam "White Rose 2"]
[BlackTeam "Celtic Tigers"]

1. e4 e6 2. d4 d5 3. Nc3 Nf6 4. Bg5 Be7 5. e5 Nfd7 6. Bxe7 Qxe7 7. f4 a6 8. Bd3
c5 9. dxc5 Nxc5 10. Nf3 Nc6 11. O-O b5 12. a3 g6 13. Qd2 Bb7 14. Rae1 b4 15.
axb4 Nxd3 16. cxd3 Qxb4 17. h3 a5 18. Rf2 Ne7 19. Nh2 h5 20. Ra1 Bc6 21. Qd1
Kf8 22. Ra3 Kg7 23. Rb3 Qd4 24. Ne2 Qa4 25. Nc3 Qd4 26. Ne2 Qa4 27. Nc3 1/2-1/2

[Event "4NCL Division 2a"]
[Site "Telford, ENG"]
[Date "2018.03.17"]
[Round "7.36"]
[White "Kemp, Peter D"]
[Black "Sucikova, Svetlana"]
[Result "1/2-1/2"]
[WhiteElo "2122"]
[BlackElo "2109"]
[PlyCount "59"]
[EventDate "2018.03.17"]
[WhiteTeam "Celtic Tigers"]
[BlackTeam "White Rose 2"]

1. Nf3 d5 2. g3 Nf6 3. Bg2 Bg4 4. d4 Qc8 5. h3 Bf5 6. g4 Bg6 7. Nc3 c6 8. Ne5
Nbd7 9. Nxg6 hxg6 10. e4 dxe4 11. Nxe4 Nxe4 12. Bxe4 Nf6 13. Bf3 Qc7 14. Be3
O-O-O 15. Qe2 Nd5 16. Bd2 e6 17. O-O-O Be7 18. Kb1 Nf4 19. Bxf4 Qxf4 20. Qe3
Bg5 21. Qxf4 Bxf4 22. Bg2 Rd7 23. c3 Rhd8 24. Kc2 Kc7 25. Rhf1 g5 26. Be4 e5
27. dxe5 Rxd1 28. Rxd1 Rxd1 29. Kxd1 Bxe5 30. Kd2 1/2-1/2

[Event "4NCL Division 2a"]
[Site "Telford, ENG"]
[Date "2018.03.17"]
[Round "7.37"]
[White "O'driscoll, Kieran"]
[Black "Way, Julian M"]
[Result "1-0"]
[WhiteElo "2070"]
[BlackElo "2020"]
[PlyCount "67"]
[EventDate "2018.03.17"]
[WhiteTeam "White Rose 2"]
[BlackTeam "Celtic Tigers"]

1. d4 d5 2. c4 dxc4 3. e4 e5 4. Nf3 exd4 5. Bxc4 Bb4+ 6. Nbd2 Nf6 7. Bxf7+ Kf8
8. Bc4 Nc6 9. O-O Bg4 10. e5 Nxe5 11. Qb3 Bd6 12. Nxe5 Bxe5 13. h3 Bh5 14. f4
Bd6 15. g4 Be8 16. Nf3 h6 17. Bd2 b5 18. Be6 c5 19. Rae1 a6 20. Ne5 Ra7 21. g5
Ng8 22. h4 Qc7 23. Qd5 Ne7 24. Qe4 Bc6 25. Qe2 Be8 26. Ng4 c4 27. f5 d3 28. Qf2
hxg5 29. f6 Ng6 30. fxg7+ Kxg7 31. Bc3+ Kh7 32. Nf6+ Kh6 33. hxg5+ Kxg5 34.
Qf5+ 1-0

[Event "4NCL Division 2a"]
[Site "Telford, ENG"]
[Date "2018.03.17"]
[Round "7.41"]
[White "Purton, Ben J"]
[Black "Graham, David B"]
[Result "1/2-1/2"]
[WhiteElo "2112"]
[BlackElo "2152"]
[PlyCount "33"]
[EventDate "2018.03.17"]
[WhiteTeam "Grantham Sharks 2"]
[BlackTeam "Sussex Martlets 1"]

1. e4 e6 2. d4 d5 3. Nd2 c5 4. exd5 exd5 5. Ngf3 Nc6 6. dxc5 Bxc5 7. Nb3 Bd6 8.
c3 Nge7 9. h3 Bf5 10. Bd3 O-O 11. Nbd4 Re8 12. O-O Bg6 13. Bg5 Qd7 14. Re1 f6
15. Bxg6 Nxg6 16. Be3 Nce5 17. Qb3 1/2-1/2

[Event "4NCL Division 2a"]
[Site "Telford, ENG"]
[Date "2018.03.17"]
[Round "7.42"]
[White "Cumming, Rhys"]
[Black "Varnam, Liam D"]
[Result "1-0"]
[WhiteElo "2155"]
[BlackElo "2082"]
[PlyCount "87"]
[EventDate "2018.03.17"]
[WhiteTeam "Sussex Martlets 1"]
[BlackTeam "Grantham Sharks 2"]

1. e4 e5 2. Nf3 Nc6 3. Bc4 Nf6 4. d3 Be7 5. O-O O-O 6. Re1 d6 7. a4 Na5 8. Ba2
c5 9. c3 Bg4 10. h3 Be6 11. Bxe6 fxe6 12. b4 cxb4 13. cxb4 Nc6 14. b5 Nd4 15.
Nxd4 exd4 16. Qb3 d5 17. Nd2 Nd7 18. Qd1 Bb4 19. exd5 exd5 20. Ba3 Bxa3 21.
Rxa3 Qf6 22. Nf3 Nc5 23. Ra2 Ne6 24. Qa1 Qg6 25. Ne5 Qg5 26. g3 Rf5 27. Ng4 h5
28. Rxe6 hxg4 29. h4 Qh5 30. Qxd4 Raf8 31. Rae2 Rf3 32. R6e5 Qf7 33. Qxd5 Qxd5
34. Rxd5 Rc8 35. Rd7 Rc1+ 36. Kg2 Ra1 37. Rd4 Kf7 38. Rxg4 Rxd3 39. Rf4+ Kg6
40. Re6+ Kh7 41. Re7 Rda3 42. Rg4 Rxa4 43. Rexg7+ Kh8 44. Rxa4 1-0